Представление документа в формате RUSMARC

ПолеНазваниеЗначение
  Тип записи a
  Библиографический уровень a
001 Контрольный номер RU/CBS_Ul/BASE/532552835
005 Дата корректировки 20240209175207.5
100 Данные общей обработки __
a Данные общей обработки 20161115d2016 ||| 0rusy0189 ca
101 Язык документа 0_
a Язык текста rus
102 Страна публикации __
a Страна публикации RU
105 Кодированные данные (монография) __
a Кодированные данные (монография) y###||||000|y
200 Заглавие и сведения об ответственности 1_
a Заглавие Как свет к нам домой пришел. Информационно-познавательный проект
b Общее обозначение материала Текст
e Сведения, относящиеся к заглавию [проект познавательной работы с дошкольниками, знакомящий их с электричеством, правилами его использования, безопасным обращением]
f Первые сведения об ответственности Н. Молькова
300 Общие примечания __
a Общие примечания Ограничения по возрасту - 0+
320 Библиография __
a Библиография Библиогр.: с. 40
461 Уровень набора _0
1 2000
a Дошкольное воспитание
463 Уровень физической единицы _0
1 001RU/CBS_Ul/BASE/532549720
1 2000
a № 10
v С. 35-42
1 210
d 2016
606 Тематические рубрики 0_
a Основная рубрика Дошкольники - Познавательное развитие
610 Ключевые слова 0_
a Ключевые слова дошкольники
a Ключевые слова познавательная деятельность
a Ключевые слова сценарии
a Ключевые слова электричество
686 Индексы других классификаций __
a Классификационный индекс 74.100.5
2 Код системы ББК
700 Автор _1
a Фамилия Молькова
b Имя (инициалы) Н.
801 Источник записи _0
a Страна RU
b Организация МБУК ЦБС г. Ульяновска
c Дата составления 20161115
g Правила каталогизации RCR
801 Источник записи _1
a Страна RU
b Организация МБУК ЦБС г. Ульяновска
c Дата составления 20161115
g Правила каталогизации RCR
901 Тип документа __
t Тип документа b
w Контрольный № источника RU/CBS_Ul/BASE/532549720
910 Корректоры записи __
a Корректор записи Библиотека 18
938 Служебная информация __
a Имя БД period